[Event "EU-ch U20"]
[Site "Tallinn"]
[Date "1997.09.15"]
[Round "6"]
[White "Stocek, Jiri"]
[Black "Zitin, Yuri"]
[Result "1-0"]
[WhiteElo "2470"]
[BlackElo "2215"]

1.d4 Nf6 2.c4 g6 3.Nc3 d5 4.cxd5 Nxd5 5.e4 Nxc3 6.bxc3 Bg7 7.Bc4 c5 8.Ne2 O-O
9.O-O Nc6 10.Be3 Bg4 11.f3 Na5 12.Bd3 cxd4 13.cxd4 Be6 14.d5 Bxa1 15.Qxa1 f6
16.Bh6 Re8 17.Kh1 Rc8 18.Nf4 Bf7 19.e5 g5 20.e6 gxf4 21.Qb1 Qxd5 22.Bxh7+ Kh8
23.exf7 Qxf7 24.Bg6 Qc4 25.Bxe8 Rxe8 26.Rc1 Qf7 27.Bxf4 e5 28.Be3 Nc6 29.h3 Rd8
30.f4 Qh7 31.fxe5 fxe5 32.Qb2 Rd7 33.Re1 Rf7 34.Bf2 Qg6 35.Qe2 Kh7 36.Bg1 Rf5
37.Bh2 Qf7 38.Qe4 Kg7 39.Kg1 Kf8 40.Bg3 Kg7 41.Re3 Kh6 42.Kh2 Rg5 43.Rd3 Qf5
44.Qe3 Kh7 45.Rd5 Rg7 46.Qd2 Qg6 47.Qf2 Rf7 48.Qb2 Re7 49.Bh4 Rg7 50.Qf2 Rf7
51.Qd2 Qf5 52.Bg5 Nd4 53.Be3 Qe4 54.Rd8 Rg7 55.Bxd4 exd4 56.Kh1 Rf7 57.Qxd4 Qb1+
58.Kh2 Qxa2 59.Qh4+ Kg6 60.Rg8+ Kf5 61.Rg5+ Ke6 62.Qe4+ Kd6 63.Qd4+ Ke7 64.Re5+ Kf8
65.Qd8+ Kg7 66.Rg5+ Kh6 67.Rg4  1-0

[Event "AUT-chT2S 9798"]
[Site "Austria"]
[Date "1997.10.04"]
[Round "1"]
[White "Beck, Hartmuth"]
[Black "Hummel, Markus"]
[Result "1/2-1/2"]
[WhiteElo "2225"]
[BlackElo "2165"]

1.d4 Nf6 2.c4 g6 3.Nc3 d5 4.cxd5 Nxd5 5.e4 Nxc3 6.bxc3 Bg7 7.Nf3 c5 8.Rb1 O-O
9.Be2 cxd4 10.cxd4 Qa5+ 11.Bd2 Qxa2 12.O-O Nd7 13.Bb4 a5 14.Ra1 Qe6 15.Qc2 Qc6
16.Qxc6 bxc6 17.Rxa5 Rxa5 18.Bxa5 c5 19.d5 Nf6 20.Nd2 Bh6 21.Bd3 Ba6 22.Bxa6 Ra8
23.Rb1 Rxa6 24.Rb8+ Kg7 25.Nc4 Nxe4 26.g3 Bg5 27.Rb5 Bf6 28.Bc7 Ra1+ 29.Kg2 Ra2
30.Kf3 Ng5+ 31.Kg2 Ne4 32.Kf3 Nc3 33.Rxc5 Rxf2+ 34.Kxf2 Ne4+ 35.Kf3 Nxc5
36.d6 exd6 37.Bxd6 Ne6 38.Nd2 h5 39.Ne4 Ng5+ 40.Nxg5 Bxg5 41.h3 f5 42.h4  1/2-1/2

[Event "AUT-chT2S 9798"]
[Site "Austria"]
[Date "1997.10.05"]
[Round "2"]
[White "Singer, Richard"]
[Black "Schigan, Manfred"]
[Result "1/2-1/2"]
[WhiteElo "2160"]
[BlackElo "2290"]

1.d4 Nf6 2.c4 g6 3.Nc3 d5 4.cxd5 Nxd5 5.e4 Nxc3 6.bxc3 Bg7 7.Nf3 O-O 8.Rb1 c5
9.Be2 cxd4 10.cxd4 Qa5+ 11.Bd2 Qxa2 12.O-O Nd7 13.Ra1 Qe6 14.Qb1 Qb6 15.e5 Qxb1
16.Rfxb1 Nb8 17.Bb4 Nc6 18.Bc5 Rd8 19.Bc4 e6 20.Bb6 Re8 21.Bb5 a6 22.Bxc6 bxc6
23.Ba5 Re7 24.Rb6 Rb7 25.Rxb7 Bxb7 26.Rb1 Bc8 27.Nd2 c5 28.dxc5 Bd7 29.Bc7 Bb5
30.Nb3 f6 31.Nd4 fxe5 32.Nxe6 Bf6 33.Bd6 Rc8 34.Nc7  1/2-1/2

[Event "ESP-ch"]
[Site "Torrevieja"]
[Date "1997.10.06"]
[Round "9"]
[White "Granero Roca, Antonio"]
[Black "De la Villa Garcia, Jesus Maria"]
[Result "1/2-1/2"]
[WhiteElo "2295"]
[BlackElo "2485"]

1.d4 Nf6 2.c4 g6 3.Nc3 d5 4.cxd5 Nxd5 5.e4 Nxc3 6.bxc3 Bg7 7.Be3 c5 8.Qd2 Qa5
9.Rb1 b6 10.Bb5+ Bd7 11.Bd3 Nc6 12.Ne2 O-O 13.dxc5 Ne5 14.f4 Nxd3+ 15.Qxd3 Bc8
16.cxb6 axb6 17.Kf2 Qxa2 18.Rxb6 Bg4 19.Rd1 Bxc3 20.Bd2 Qa7 21.Be3 Qa2 22.Bd2 Ra3
23.Bxc3 Rxc3 24.Rd2 Rxd3 25.Rxa2 Bxe2 26.Kxe2  1/2-1/2

[Event "Bundesliga 9798"]
[Site "Germany"]
[Date "1997.10.18"]
[Round "?.1"]
[White "Dautov, Rustem"]
[Black "Ftacnik, Lubomir"]
[Result "1/2-1/2"]
[WhiteElo "2595"]
[BlackElo "2585"]

1.d4 Nf6 2.c4 g6 3.Nc3 d5 4.cxd5 Nxd5 5.e4 Nxc3 6.bxc3 Bg7 7.Be3 c5 8.Qd2 Qa5
9.Rb1 b6 10.Bb5+ Bd7 11.Be2 O-O 12.Nf3 cxd4 13.cxd4 Nc6 14.Qxa5 Nxa5 15.Rc1 Rac8
16.Kd2 f5 17.exf5 Bxf5 18.Ba6 Rcd8 19.Ke2 Be6 20.Rc2 Bd5 21.Rhc1 Rd6 22.Rc7 Rc6
23.Bb7 Bxf3+ 24.gxf3 Rxc7 25.Rxc7 Nxb7 26.Rxb7 Rd8 27.Rxe7 Bxd4 28.Rxa7 Rd5
29.Ra4 Bc5 30.Rc4 Kf7 31.Bxc5 bxc5 32.Re4 Rh5 33.h4 g5 34.hxg5 Rxg5 35.Kd3 Rg2
36.Rf4+ Ke6 37.Ke3 Rg1 38.Rh4 Ra1 39.a4 Ra3+ 40.Ke2 Ra2+ 41.Ke3  1/2-1/2

[Event "London"]
[Site "London"]
[Date "1997.10.21"]
[Round "5"]
[White "Wells, Peter K"]
[Black "Rowson, Jonathan"]
[Result "1/2-1/2"]
[WhiteElo "2530"]
[BlackElo "2490"]

1.d4 Nf6 2.c4 g6 3.Nc3 d5 4.cxd5 Nxd5 5.e4 Nxc3 6.bxc3 Bg7 7.Nf3 c5 8.Rb1 O-O
9.Be2 Nc6 10.d5 Ne5 11.Nxe5 Bxe5 12.Qd2 Bg7 13.f4 e5 14.O-O exf4 15.Qxf4 Qe7
16.Bc4 Be5 17.Qg5 Qd6 18.Bf4 f6 19.Bxe5 fxe5 20.h4 h5 21.Rxf8+ Kxf8 22.Qh6+ Kg8
23.g4 b5 24.g5 Bh3 25.Rxb5 Rd8 26.Rb7 Bd7 27.Bb5 c4 28.Rxd7 Qb6+ 29.Kg2 Rxd7
30.Bxd7 Qb2+ 31.Kf1 Qc1+  1/2-1/2

[Event "London"]
[Site "London"]
[Date "1997.10.22"]
[Round "7"]
[White "Rowson, Jonathan"]
[Black "Gormally, Daniel"]
[Result "1-0"]
[WhiteElo "2490"]
[BlackElo "2425"]

1.d4 Nf6 2.c4 g6 3.Nc3 d5 4.cxd5 Nxd5 5.e4 Nxc3 6.bxc3 Bg7 7.Be3 c5 8.Qd2 Qa5
9.Rb1 b6 10.Bb5+ Bd7 11.Be2 Bc6 12.Bd3 Nd7 13.Ne2 O-O 14.O-O cxd4 15.cxd4 Qxd2
16.Bxd2 Rfd8 17.Rb3 Rac8 18.Bg5 Kf8 19.Rc1 Bb7 20.Ra3 Rxc1+ 21.Bxc1 a6 22.Be3 Rc8
23.Rc3 Rxc3 24.Nxc3 b5 25.Kf1 Ke8 26.g4 e5 27.d5 Bf8 28.g5 Bc5 29.Bd2 Ke7
30.Ke2 Nb6 31.Nd1 Bc8 32.Ba5 Bg4+ 33.f3 Bd7 34.Ne3 Kd6 35.Nc2 Bc8 36.Be1 Na4
37.Nb4 Bd4 38.Bc2 Bd7 39.Bxa4 bxa4 40.Nd3 Bb5 41.Bb4+ Kd7 42.Kd2 Bxd3 43.Kxd3 Bg1
44.h3 Bb6 45.Bd2 Bd8 46.Kc4 Be7 47.Bc3  1-0

[Event "Mladi op"]
[Site "Litomysl"]
[Date "1997.10.27"]
[Round "8"]
[White "Tupy, Martin"]
[Black "Klima, Lukas"]
[Result "1-0"]
[WhiteElo "2235"]
[BlackElo "2270"]

1.c4 Nf6 2.Nc3 g6 3.d4 d5 4.cxd5 Nxd5 5.e4 Nxc3 6.bxc3 Bg7 7.Nf3 c5 8.Rb1 O-O
9.Be2 cxd4 10.cxd4 Qa5+ 11.Bd2 Qxa2 12.O-O b6 13.Bg5 Bb7 14.d5 e6 15.d6 Bxe4
16.Rc1 Nc6 17.Bc4 Qa5 18.Re1 Bxf3 19.Qxf3 Nd4 20.Qg4 h5 21.Qf4 Qf5 22.Qxf5 Nxf5
23.d7 Bh6 24.Bxh6 Nxh6 25.Ba6 Rfd8 26.Rc8 Kf8 27.Rec1  1-0

[Event "Hellir op"]
[Site "Reykjavik"]
[Date "1997.10.28"]
[Round "5"]
[White "Hillarp Persson, Tiger"]
[Black "Jensson, Einar Hjalti"]
[Result "1-0"]
[WhiteElo "2445"]
[BlackElo "2225"]

1.d4 Nf6 2.c4 g6 3.Nc3 d5 4.cxd5 Nxd5 5.e4 Nxc3 6.bxc3 Bg7 7.Be3 O-O 8.Qd2 c5
9.Nf3 Qa5 10.Rc1 Rd8 11.d5 Nd7 12.c4 Qxd2+ 13.Kxd2 b6 14.Bd3 h6 15.h3 Bb7
16.a4 e6 17.g4 Re8 18.Kc2 Nb8 19.Kb3 Na6 20.Rcd1 Rad8 21.Bb1 e5 22.Ne1 g5
23.Nd3 f6 24.Bc2 Bf8 25.Ra1 Ra8 26.a5 Bd6 27.Kc3 Kf7 28.Ba4 Rh8 29.h4 Kg7
30.Bd7 Be7 31.Bf5 Bc8 32.hxg5 fxg5 33.f3 Bd6 34.Bf2 Bb7 35.Bg3 Kf6 36.Rh2 Nb4
37.Nxb4 cxb4+ 38.Kb3 Bc5 39.Rah1 Bf8 40.Ra1 Bc5 41.Bf2 h5 42.gxh5 Bxf2 43.Rxf2 Rxh5
44.axb6 axb6 45.Rxa8 Bxa8 46.Ra2 Rh8 47.Ra7 Rb8 48.Rh7 b5 49.Rh6+ Ke7 50.c5 Rd8
51.c6  1-0

[Event "RUS-Cup01 Chigorin mem"]
[Site "St Petersburg"]
[Date "1997.11.02"]
[Round "2"]
[White "Gladyszev, Oleg"]
[Black "Belov, Vladimir"]
[Result "1-0"]
[WhiteElo "2420"]
[BlackElo "2260"]

1.d4 Nf6 2.c4 g6 3.Nc3 d5 4.cxd5 Nxd5 5.e4 Nxc3 6.bxc3 Bg7 7.Nf3 c5 8.Rb1 O-O
9.Be2 cxd4 10.cxd4 Qa5+ 11.Bd2 Qxa2 12.O-O a5 13.d5 a4 14.Qc1 b5 15.Rxb5 Ba6
16.Bc4 Bb2 17.Rxb2 Qxc4 18.Qxc4 Bxc4 19.Ra1 Nd7 20.Rb4 Bb3 21.Nd4 Nc5 22.Nc6 e6
23.Be3 Na6 24.Rb7 exd5 25.exd5 Kg7 26.Bd4+ Kh6 27.Be3+ Kg7 28.d6 Bd5 29.Bd4+ Kh6
30.Be3+ Kg7 31.Bd4+ Kh6 32.Rb6 Nb8 33.Ne7 Be6 34.Rb4 a3 35.Bf6 g5 36.f4 Nd7
37.Bxg5+ Kh5 38.Rb5 f5 39.h3 Rfb8 40.Rxb8 Rxb8 41.Rxa3 h6 42.Re3 Bc4 43.Bxh6 Kxh6
44.Nxf5+ Kg6 45.g4 Nf6 46.Re7 Rb1+ 47.Kh2 Rb2+ 48.Kg3 Nh5+ 49.Kf3 Rb3+ 50.Ne3 Bd5+
51.Kf2 Rb2+ 52.Ke1 Nxf4 53.Nxd5 Nxd5 54.d7 Nxe7 55.d8=Q Kf7 56.Qd4 Rb1+ 57.Kf2 Rh1
58.Kg3 Rb1 59.Qc4+ Kf8 60.h4 Rg1+ 61.Kf4 Ra1 62.h5 Ra7 63.g5 Ra5 64.Kg4 Rf5
65.Qd4 Rf7 66.g6 Rf1 67.Qd8+  1-0

[Event "RUS-Cup01 Chigorin mem"]
[Site "St Petersburg"]
[Date "1997.11.04"]
[Round "4"]
[White "Daschian, Nikolai V"]
[Black "Karasev, Vladimir I"]
[Result "1/2-1/2"]
[WhiteElo "2450"]
[BlackElo "2350"]

1.d4 Nf6 2.c4 g6 3.Nc3 d5 4.cxd5 Nxd5 5.e4 Nxc3 6.bxc3 Bg7 7.Bc4 O-O 8.Ne2 Qd7
9.O-O b6 10.Ba3 Bb7 11.Qd3 Nc6 12.Ba6 Bxa6 13.Qxa6 f5 14.Qc4+ Kh8 15.Nf4 fxe4
16.Ne6 Rf5 17.d5 Qxd5 18.Qxd5 Rxd5 19.Nxc7 Ra5 20.Nxa8 Rxa3 21.Nc7 Rxc3 22.Ne6 Bh6
23.Rfe1 Rc4 24.Rad1 Kg8 25.Kf1 b5 26.Rd5 Kf7 27.Ng5+ Bxg5 28.Rxg5 e5 29.Rg4 Rc2
30.a3 Na5 31.Rgxe4 Nc4 32.R4e2 Rc3 33.Ra1 a5 34.Rea2 Ke6 35.Ke2 e4 36.h4 h5
37.Ke1 Ke5 38.Ke2 Kd4 39.Rd1+ Ke5 40.Rda1 a4 41.Ke1 Rd3 42.Ke2 Rb3 43.Ke1 Kf4
44.Ke2 Kg4 45.Rd1 Nxa3 46.Rd6 Nc4 47.Rxg6+ Kf5 48.Rg5+ Kf6 49.Rxh5 a3 50.Rc5 Ne5
51.f3 Nd3 52.Rxb5 Nf4+ 53.Ke1 Rxb5 54.Rxa3 Rb1+ 55.Kf2 Rb2+ 56.Ke3 Ke5 57.fxe4 Nxg2+
58.Kf3 Ne1+ 59.Kg4 Rg2+ 60.Rg3 Rf2 61.Ra3 Nc2 62.Ra5+ Kxe4 63.Kg5 Nd4 64.Kg6 Nc6
65.Ra4+ Ke5 66.Kg7 Rg2+ 67.Kf7 Kf5 68.Ra1 Ne5+ 69.Ke7 Rg7+ 70.Kd6 Rd7+ 71.Kc5 Nf3
72.h5 Ke5 73.Kc6 Ke6 74.Kc5 Rc7+ 75.Kb6 Rh7 76.Rd1 Rh6 77.Kc5 Ke5 78.Rd8 Ke4
79.Rd5 Rh8 80.Rd1 Rc8+ 81.Kb6 Ke5 82.h6 Nd4 83.h7 Rc6+ 84.Kb7 Rh6 85.Re1+ Kd6
86.Rg1 Rxh7+ 87.Kb6 Rh5 88.Rg6+ Kd5 89.Rf6 Rh1 90.Kb7 Kc5 91.Rf7 Rb1+ 92.Kc7 Rb6
93.Rf1 Rc6+ 94.Kd7 Kd5 95.Ke7 Rh6 96.Kf7 Ne6 97.Rd1+ Ke5 98.Re1+ Kf5 99.Rf1+ Nf4
100.Ke7 Ra6 101.Kd7 Ra4 102.Re1 Nd3 103.Re2 Ra6 104.Kc7 Nc5 105.Re1 Ne4 106.Rh1 Ke6
107.Rh6+ Nf6 108.Kb7 Rd6 109.Rh1 Kd7 110.Rg1 Nd5 111.Rg7+ Ne7 112.Rg1 Nf5
113.Rh1 Rf6  1/2-1/2

[Event "AUT-chT2O 9798"]
[Site "Austria"]
[Date "1997.11.08"]
[Round "2"]
[White "Polak, Tomas"]
[Black "Lechtynsky, Jiri"]
[Result "1-0"]
[WhiteElo "2470"]
[BlackElo "2425"]

1.d4 Nf6 2.c4 g6 3.Nc3 d5 4.cxd5 Nxd5 5.e4 Nxc3 6.bxc3 Bg7 7.Nf3 c5 8.Rb1 O-O
9.Be2 Qa5 10.O-O Qxa2 11.Bg5 Qe6 12.Re1 Nd7 13.Qd2 b6 14.Bf4 Bb7 15.Bb5 Nf6
16.d5 Qc8 17.c4 a6 18.Ba4 b5 19.cxb5 axb5 20.Bxb5 e6 21.Bd6 Rd8 22.Be7 exd5
23.e5 Ne4 24.Qf4 Nc3 25.Bxd8 Qxd8 26.Be8 Qxe8 27.Rxb7 Ra1 28.Qd2 Qa8 29.Rd7 d4
30.h3 Ra6 31.Ng5 Bh6 32.Qf4 f5 33.exf6  1-0

[Event "AUT-chT 9798"]
[Site "Austria"]
[Date "1997.11.08"]
[Round "4"]
[White "Frosch, Erich"]
[Black "Wittmann, Walter"]
[Result "1/2-1/2"]
[WhiteElo "2310"]
[BlackElo "2405"]

1.d4 Nf6 2.c4 g6 3.Nc3 d5 4.cxd5 Nxd5 5.e4 Nxc3 6.bxc3 Bg7 7.Bc4 c5 8.Ne2 Nc6
9.Be3 cxd4 10.cxd4 Qa5+ 11.Bd2 Qh5 12.Be3 Qa5+ 13.Bd2 Qh5 14.Be3 Qa5+  1/2-1/2

[Event "RUS-Cup01 Chigorin mem"]
[Site "St Petersburg"]
[Date "1997.11.08"]
[Round "8"]
[White "Ivanov, Sergey"]
[Black "Polovodin, Igor A"]
[Result "1-0"]
[WhiteElo "2530"]
[BlackElo "2440"]

1.d4 Nf6 2.c4 g6 3.Nc3 d5 4.cxd5 Nxd5 5.e4 Nxc3 6.bxc3 Bg7 7.Nf3 c5 8.Rb1 O-O
9.Be2 cxd4 10.cxd4 Qa5+ 11.Bd2 Qxa2 12.O-O Bg4 13.Bg5 h6 14.Be3 b6 15.Qd3 Nd7
16.h3 Bxf3 17.Bxf3 e5 18.Ra1 Qe6 19.d5 Qd6 20.Rfc1 Nc5 21.Bxc5 bxc5 22.Ra6 Qd7
23.Rxc5 h5 24.Bd1 Rfc8 25.Ba4 Qd8 26.Rxc8 Rxc8 27.d6 Qg5 28.g3 h4 29.d7 Rd8
30.Rxa7 hxg3 31.fxg3 Qc1+ 32.Kg2 Qb2+ 33.Qc2 Qd4 34.Rc7 Bf6 35.h4 Kg7 36.Rc8 Qe3
37.Bc6 g5 38.hxg5 Bxg5 39.Qd1 Be7 40.Qg4+ Qg5 41.Qxg5+ Bxg5 42.Kf3 Be7 43.Ke3 Kf6
44.Kd3 Ke6 45.Kc4 Bg5 46.Kb5 Ke7 47.Kb6 Bd2 48.Ba4 Be1 49.g4 Bd2 50.Kc5 Be3+
51.Kd5 Bd4 52.Bb5 Bb2 53.Rc2 Bd4 54.Rh2 Rg8 55.Rh7 Bb6 56.g5 Ba5 57.Ba4 Bc7
58.Kc6 Bd8 59.Kb7 Ba5 60.Bc6 Rxg5 61.Rh8 f5 62.Re8+ Kd6 63.Ra8 Bc7 64.Ba4  1-0

[Event "RUS-Cup01 Chigorin mem"]
[Site "St Petersburg"]
[Date "1997.11.08"]
[Round "8"]
[White "Lugovoi, Aleksei"]
[Black "Neverov, Valeriy"]
[Result "1/2-1/2"]
[WhiteElo "2520"]
[BlackElo "2560"]

1.d4 Nf6 2.c4 g6 3.Nc3 d5 4.cxd5 Nxd5 5.e4 Nxc3 6.bxc3 Bg7 7.Nf3 O-O 8.Be2 c5
9.O-O cxd4 10.cxd4 Nc6 11.Be3 Bg4 12.d5 Bxf3 13.Bxf3 Bxa1 14.Qxa1 Na5 15.Bh6 f6
16.Bxf8 Kxf8 17.Be2 Rc8 18.e5 Rc5 19.exf6 exf6 20.Rd1 Qd6 21.Qd4 b6 22.Bf1 Kg7
23.g3 Rc7 24.Re1 Nc6 25.Qd2 Ne5 26.Bg2 Rc4 27.Rd1 g5 28.h3 h5 29.Qe3 h4 30.gxh4 Rxh4
31.Rc1 Ra4 32.Qb3 Rb4 33.Qc3 a5 34.Qg3 Rf4 35.Rc8 Qb4 36.Rc7+ Kh6 37.Rc1 b5
38.Qe3 Rc4 39.Rd1 Qd6 40.Qa7 a4 41.Qa8 Ng6 42.Qe8 Qf4 43.d6 Rc1 44.Qe1 Rc8
45.d7 Rd8 46.Qe8 Qb8 47.Qe6 Qe5 48.Qb6 Qe7 49.Qxb5 Ne5 50.Qxa4 Rxd7 51.Rxd7 Nxd7
52.Qe4 Ne5 53.Qe3 Qb4 54.Be4 Qa4 55.Qe2 Qd4 56.Kg2 Kg7 57.Qc2 Kh6 58.a4 Qb4
59.Bf5 Qb7+ 60.Qe4 Qa7 61.Qb4 Ng6 62.Bxg6 Kxg6 63.a5 Qa8+ 64.Kg1 Qc8 65.Qe4+ Kg7
66.Kg2 Qa6 67.Qd5 Kg6 68.Kg1 Kg7 69.Qc5 Qd3 70.Qc7+ Kg6 71.Qb8 Qd1+ 72.Kh2 Qe2
73.Qb1+ Kh6 74.Kg2 Qc4 75.Kg1 Qc3 76.a6 Qxh3 77.Qe4 Qd7 78.Kg2 Qa7 79.Kg1 Qxa6
80.Qe8  1/2-1/2

[Event "CZE-chT 9798"]
[Site "CZE"]
[Date "1997.11.15"]
[Round "1"]
[White "Mista, Ladislav"]
[Black "Kalod, Radek"]
[Result "1/2-1/2"]
[WhiteElo "2280"]
[BlackElo "2450"]

1.d4 Nf6 2.c4 g6 3.Nc3 d5 4.cxd5 Nxd5 5.e4 Nxc3 6.bxc3 Bg7 7.Bc4 c5 8.Ne2 Nc6
9.Be3 O-O 10.O-O Bg4 11.f3 Na5 12.Bd3 cxd4 13.cxd4 Be6 14.Rc1 Bxa2 15.d5 Bb3
16.Qe1 b6 17.Qb4 Qd6 18.Qxd6 exd6 19.Rc7 Rfc8 20.Rfc1 Rxc7 21.Rxc7 Ba4 22.Nd4 Bxd4
23.Bxd4 Nb3 24.Bf6 Nc5 25.Be2 a5 26.e5 dxe5 27.d6 Bd7 28.Bxe5 a4 29.f4 Rc8
30.Ra7 Kf8  1/2-1/2

[Event "CZE-chT 9798"]
[Site "CZE"]
[Date "1997.11.16"]
[Round "2"]
[White "Votava, Jan"]
[Black "Jansa, Vlastimil"]
[Result "1/2-1/2"]
[WhiteElo "2505"]
[BlackElo "2480"]

1.d4 Nf6 2.c4 g6 3.Nc3 d5 4.cxd5 Nxd5 5.e4 Nxc3 6.bxc3 Bg7 7.Nf3 c5 8.Bb5+ Nd7
9.O-O O-O 10.Bg5 h6 11.Bh4 Nf6 12.Re1 Qa5 13.Bc4 b5 14.Bd5 Nxd5 15.exd5 g5
16.Bg3 cxd4 17.Be5 dxc3 18.Bxg7 Kxg7 19.Qd4+ Kg8 20.h4 Qb6 21.Qxc3 Qf6 22.Qc7 Bf5
23.Qxe7 Qxe7 24.Rxe7 Rfe8 25.Rae1 Kf8 26.R7e5 Bg4 27.Nd4 Bd7 28.hxg5 hxg5
29.d6 Rac8 30.R1e3 Rxe5 31.Rxe5 Rc1+ 32.Kh2 Rd1 33.Rd5 Ke8 34.a3 f6 35.Nxb5 Rxd5
36.Nc7+ Kf7 37.Nxd5 Ke6 38.Ne3 Kxd6 39.Kg3 Ke5 40.Ng4+ Kf5 41.f3 Bc6 42.Kf2 Ke6
43.Ke3 f5 44.Nf2 Kd5 45.Nh3 g4 46.fxg4 fxg4 47.Kd3  1/2-1/2

[Event "DEN-chT 9798"]
[Site "Denmark"]
[Date "1997.11.16"]
[Round "3"]
[White "Sorensen, Michael D"]
[Black "Nikontovic, Semir"]
[Result "1-0"]
[WhiteElo "2130"]
[BlackElo "2320"]

1.d4 Nf6 2.c4 g6 3.Nc3 d5 4.cxd5 Nxd5 5.e4 Nxc3 6.bxc3 Bg7 7.Bc4 c5 8.Be3 Qa5
9.Ne2 cxd4 10.Bxd4 Bxd4 11.Qxd4 O-O 12.h4 h5 13.Qe3 Kg7 14.f4 Bg4 15.O-O Nd7
16.Rab1 Rac8 17.Rb5 Qc7 18.Bd3 a6 19.Rb2 Rfd8 20.Bb1 b5 21.Rc2 Nb6 22.f5 Bxe2
23.Rxe2 Qc5 24.e5 Qxe3+ 25.Rxe3 Nd5 26.Rg3 Rxc3 27.Rg5 Ne3 28.Re1 Ng4 29.fxg6 Re3
30.gxf7+ Kxf7 31.Rf1+ Ke6 32.Bf5+ Kd5 33.Bxg4  1-0

[Event "Bayern-chI Bank Hofmann"]
[Site "Bad Wiessee"]
[Date "1997.11.17"]
[Round "3"]
[White "Wornath, Kai"]
[Black "Neumueller, Theo"]
[Result "1-0"]
[WhiteElo "2230"]
[BlackElo "2205"]

1.d4 Nf6 2.c4 g6 3.Nc3 d5 4.cxd5 Nxd5 5.e4 Nxc3 6.bxc3 Bg7 7.Nf3 c5 8.Rb1 O-O
9.Be2 cxd4 10.cxd4 Qa5+ 11.Qd2 Qxd2+ 12.Bxd2 e6 13.O-O b6 14.Bb5 Bb7 15.Rfe1 Rc8
16.Rbc1 Na6 17.e5 Bf8 18.Bd7 Rd8 19.Bc6 Bxc6 20.Rxc6 Rd7 21.Rec1 Ba3 22.R1c2 Nb4
23.Bxb4 Bxb4 24.Kf1 h6 25.Ke2 Rad8 26.Ke3 Rd5 27.R2c4 Be7 28.a4 Kg7 29.Nd2 Bc5
30.Nf3 Be7 31.Rc7 R5d7 32.Nd2 h5 33.Ne4 Kf8 34.f4 Ke8 35.R7c6 Kf8 36.Nc3 Ba3
37.Nb5 Bb2 38.Rb4 Ba1 39.Rc1 a6 40.Nd6 a5 41.Rxb6  1-0

[Event "FIDE Candidates (Women)"]
[Site "Groningen"]
[Date "1997.12.09"]
[Round "1"]
[White "Galliamova, Alisa"]
[Black "Arakhamia, Ketevan"]
[Result "1/2-1/2"]
[WhiteElo "2445"]
[BlackElo "2430"]

1.d4 Nf6 2.c4 g6 3.Nc3 d5 4.cxd5 Nxd5 5.e4 Nxc3 6.bxc3 Bg7 7.Nf3 c5 8.Rb1 O-O
9.Be2 cxd4 10.cxd4 Qa5+ 11.Qd2 Qxd2+ 12.Bxd2 b6 13.O-O Bb7 14.Bd3 e6 15.Rfc1 Nc6
16.e5 Rad8 17.Bg5 Nxd4 18.Bxd8 Nxf3+ 19.gxf3 Rxd8 20.Be4 Bxe4 21.fxe4 Bxe5
22.Rd1 Bd4 23.e5 Rd5 24.a4 Kg7 25.Kg2 Bxe5 26.Rxd5 exd5 27.Rb5 Kf6 28.Rxd5 Ke6
29.Rd8 a5 30.h3 Bd6 31.Kf3 Bc5 32.Ke2 h5 33.f4 Kf5 34.Kf3 f6 35.Rd3 Bg1 36.Rd5+ Ke6
37.Rd1 Bc5 38.Ke4 f5+ 39.Kf3 Bd6 40.Rd2 Bc5 41.Rd8 h4 42.Rg8 Kd5 43.Rxg6 Kc4
44.Ke2 Kb3 45.Kd3 Kxa4 46.Kc2 Be3 47.Rh6 b5 48.Rxh4 b4 49.Rh5 Ka3 50.Rxf5 a4
51.Kb1 Kb3 52.Re5 Bxf4 53.Re4 Bd2 54.Re2 Bc3 55.h4 a3 56.h5 Ka4 57.Rc2 Be5
58.Re2 Bc3 59.Re3 Kb3 60.Re2 Ka4 61.Rc2 Be5 62.Rc5 Bb2 63.Rc2 Be5 64.Re2 Bc3  1/2-1/2

[Event "Rishon Le Ziyyon 9798"]
[Site "Rishon Le Ziyyon"]
[Date "1997.12.26"]
[Round "2"]
[White "Murrey, Jacob"]
[Black "Liss, Eran"]
[Result "1/2-1/2"]
[WhiteElo "2440"]
[BlackElo "2540"]

1.d4 Nf6 2.c4 g6 3.Nc3 d5 4.cxd5 Nxd5 5.e4 Nxc3 6.bxc3 Bg7 7.Bc4 c5 8.Ne2 Nc6
9.Be3 O-O 10.h4 cxd4 11.cxd4 Qd6 12.Qd2 Qb4 13.Qxb4 Nxb4 14.Rc1 Bd7 15.a3 Nc6
16.h5 Rfc8 17.hxg6 hxg6 18.Kd2 Na5 19.Ba2 Bb5 20.Nc3 Bc4 21.Nd5 Kf8 22.Bxc4 Rxc4
23.Kd3 Ra4 24.Rc3 e6 25.Nb4 Rd8 26.f4 b5 27.e5 Nc4 28.Bc1 f6 29.Nc6 Rc8 30.exf6 Bxf6
31.Ne5 Rd8 32.Kc2 Rxd4 33.Nxg6+ Ke8 34.Rh7 Rd7 35.Rxd7 Kxd7 36.Rh3 Ke8 37.g4 Kf7
38.f5 exf5 39.gxf5 Nd6 40.Rh7+ Ke8 41.Nf4 Bg5 42.Ne2 Bxc1 43.Kxc1 Rxa3 44.Nd4 Ra4
45.Ne6 Nxf5  1/2-1/2

[Event "Rishon Le Ziyyon 9798"]
[Site "Rishon Le Ziyyon"]
[Date "1997.12.28"]
[Round "4"]
[White "Karpman, Vadim"]
[Black "Liss, Eran"]
[Result "0-1"]
[WhiteElo "2365"]
[BlackElo "2540"]

1.d4 Nf6 2.c4 g6 3.Nc3 d5 4.cxd5 Nxd5 5.e4 Nxc3 6.bxc3 Bg7 7.Bc4 c5 8.Ne2 Nc6
9.Be3 O-O 10.O-O Qc7 11.Rc1 Rd8 12.Qd2 Qa5 13.d5 Ne5 14.Bb3 e6 15.f4 Ng4
16.c4 Qa3 17.e5 a5 18.Nc3 Nxe3 19.Qxe3 a4 20.Bd1 b5 21.Bf3 Rb8 22.cxb5 Rxb5
23.Qf2 Rb2 24.Qh4 Rf8 25.d6 Rb4 26.Qg3 Qb2 27.Bc6 Rd4 28.Rfd1 Rd8 29.Nxa4 Qxa2
30.Qh4 Rf8 31.Rxd4 cxd4 32.d7 Bxd7 33.Bxd7 Qd2 34.Re1 Qb4 35.Rd1 d3 36.Qf2 Rd8
37.Rxd3 Bf8 38.Qd2 Qb1+ 39.Qd1 Qb4 40.Qd2 Qb7 41.h3 h5 42.Kh2 Ra8 43.Rd4 h4
44.Qd3 Rd8 45.Qd2 Qc7 46.Nc3 Bc5 47.Rd3 Ra8 48.Ne2 Ra1 49.Bxe6 Qb6 50.Bxf7+ Kg7
51.Nc1 Bg1+ 52.Kh1 Qf2 53.Qc3 Qf1  0-1

[Event "Reggio Emilia9798 40th"]
[Site "Reggio Emilia"]
[Date "1997.12.30"]
[Round "5"]
[White "Komarov, Dimitri"]
[Black "Sarno, Spartaco"]
[Result "1-0"]
[WhiteElo "2600"]
[BlackElo "2400"]

1.d4 Nf6 2.c4 g6 3.Nc3 d5 4.cxd5 Nxd5 5.e4 Nxc3 6.bxc3 Bg7 7.Bb5+ c6 8.Ba4 b5
9.Bb3 b4 10.Qf3 e6 11.Ne2 Ba6 12.cxb4 Bxe2 13.Kxe2 Qxd4 14.Bd2 Nd7 15.Rac1 Qb6
16.Rhd1 Ne5 17.Qc3 O-O 18.Qc5 Qa6+ 19.Bc4 Nxc4 20.Qxc4 Qa4 21.Rc2 Rfc8 22.Rdc1 Rab8
23.b5 Qxb5 24.Qxb5 Rxb5 25.Rxc6 Rxc6 26.Rxc6 Bd4 27.f4 Kf8 28.Kd3 Bg1 29.h3 Ke8
30.Rc7 Rb8 31.Be3 Rd8+ 32.Ke2 Bxe3 33.Kxe3 Rd7 34.Rc8+ Ke7 35.g4 f6 36.Rc6 Rd6
37.Rc7+ Rd7 38.Rc6 Rd6 39.Rc7+ Rd7 40.Rc5 Rd6 41.Ra5 a6 42.e5 fxe5 43.Rxe5 Rc6
44.Kd3 Rd6+ 45.Kc3 Rc6+ 46.Kb4 Kd6 47.Ra5 Ke7 48.h4 Rd6 49.Kc3 Rc6+ 50.Kd4 Rd6+
51.Ke3 Rc6 52.h5 Kf7 53.h6 Ke7 54.Kd4 Kd6 55.Ra4 Rb6 56.a3 Ke7 57.Rb4 Rd6+
58.Ke4 Rd5 59.Rb7+ Kf8 60.Rxh7 Ra5 61.Rh8+ Kf7 62.Ra8 Ra4+ 63.Ke5  1-0

[Event "Raiffeisen op-A 6th"]
[Site "Aschach"]
[Date "1997.12.31"]
[Round "7"]
[White "Wendt, Rene"]
[Black "Rogulj, Branko"]
[Result "1/2-1/2"]
[WhiteElo "2290"]
[BlackElo "2415"]

1.d4 Nf6 2.c4 g6 3.Nc3 d5 4.cxd5 Nxd5 5.e4 Nxc3 6.bxc3 Bg7 7.Nf3 c5 8.Rb1 O-O
9.Be2 Nd7 10.O-O cxd4 11.cxd4 Nf6 12.Bd3 b6 13.h3 Bb7 14.Qe2 Rc8 15.Bb2 Qd7
16.Ne5 Qa4 17.Ba1 Rc7 18.Rb3 Qe8 19.Bb2 Qa8 20.d5 Rfc8 21.f4 Nd7 22.Bb5 Rc2
23.Qd1 Nxe5 24.fxe5 Qb8 25.Bc6 Bxc6 26.Qxc2 Bb5 27.Rc3 Rxc3 28.Qxc3 Bxf1
29.Kxf1 Kf8 30.Ke2 Qb7 31.Qc4 Ke8 32.Qb5+ Kf8 33.Qc4 a6 34.Bd4 b5 35.Qc5 Ke8
36.Kd3 Bh6 37.Bc3 Bf4 38.Qf2 b4 39.Qxf4 Qb5+ 40.Kd4 bxc3 41.Kxc3 Qa4 42.Kb2 Qb4+
43.Kc2 Qc4+ 44.Kb1 Qd3+ 45.Kc1 Qc3+ 46.Kb1 Qe1+ 47.Kb2 Qe2+ 48.Kb3 Qxg2 49.Qe3 Qf1
50.Kb2 Kf8 51.h4 h5 52.e6 Kg8 53.exf7+ Kxf7 54.Kb3 Qb1+ 55.Ka3 a5 56.Qf4+ Ke8
57.e5 Qd3+ 58.Ka4 Qxd5 59.a3 Kd7 60.e6+ Kxe6  1/2-1/2

[Event "Raiffeisen op-A 6th"]
[Site "Aschach"]
[Date "1997.12.31"]
[Round "7"]
[White "Ganaus, Hannes"]
[Black "Navratil, Robert"]
[Result "1-0"]
[WhiteElo "2260"]
[BlackElo "2180"]

1.d4 Nf6 2.c4 g6 3.Nc3 d5 4.cxd5 Nxd5 5.e4 Nxc3 6.bxc3 Bg7 7.Bb5+ c6 8.Ba4 b5
9.Bb3 a5 10.Ne2 O-O 11.Be3 Nd7 12.Qc1 c5 13.Bh6 cxd4 14.Bxg7 Kxg7 15.cxd4 a4
16.Bc2 Qa5+ 17.Qd2 b4 18.Rb1 b3 19.axb3 axb3 20.Bxb3 Qa6 21.O-O Bb7 22.Qe3 Nf6
23.d5 e6 24.Nf4 exd5 25.e5 Ng4 26.Qd4 Qa7 27.Qb2 Qa3 28.Bd1 Qxb2 29.Rxb2 Bc8
30.Bxg4 Bxg4 31.Nxd5 Ra5 32.Nf6 Be6 33.f4 Rfa8 34.g4 Ra1 35.Rxa1 Rxa1+ 36.Kg2 Ra2
37.Rxa2 Bxa2 38.h4 Bb3 39.Kf2 Bd1 40.Ke3 h5 41.gxh5 gxh5 42.f5 Bb3 43.Nxh5+ Kh6
44.Nf4 Bc2 45.f6 Bf5 46.Kd4 Kh7 47.Kc5 Kg8 48.Kd6 Kf8 49.Kc7 Ke8 50.Ne2 Bg4
51.Nd4 Bh5 52.Nf5 Bg6 53.Nd6+ Kf8 54.Kd8 Bh5 55.Ne4 Bf3 56.Ng5 Bh5 57.Ne4 Bf3
58.Ng5 Bh5 59.Nh3 Bg4 60.Nf4 Bf5 61.h5 Bg4 62.h6 Bf5 63.Nh3 Kg8 64.Ng5 Bd3
65.Ke7 Bc4 66.e6  1-0

[Event "Raiffeisen op-A 6th"]
[Site "Aschach"]
[Date "1997.12.31"]
[Round "7"]
[White "Epishin, Vladimir"]
[Black "Balinov, Ilija"]
[Result "1-0"]
[WhiteElo "2570"]
[BlackElo "2560"]

1.d4 Nf6 2.c4 g6 3.Nc3 d5 4.cxd5 Nxd5 5.e4 Nxc3 6.bxc3 Bg7 7.Be3 c5 8.Qd2 Qa5
9.Rb1 b6 10.Bb5+ Bd7 11.Be2 Nc6 12.Nf3 O-O 13.Rc1 Bg4 14.d5 Rad8 15.O-O Bxf3
16.Bxf3 e6 17.Bg5 Rd7 18.Bf4 exd5 19.exd5 Ne5 20.Bxe5 Bxe5 21.h4 b5 22.Rfe1 Qc7
23.Qe2 Bf4 24.Rcd1 c4 25.Bg4 Rd6 26.h5 Rfd8 27.Rd4 Bg5 28.Qf3 Rf6 29.Qe2 Ra6
30.a4 bxa4 31.Rxc4 Qd6 32.Bf3 a3 33.g3 Bh6 34.Qa2 Bg7 35.Rb1 Rb8 36.Rxb8+ Qxb8
37.d6 Qb2 38.d7 Rd6 39.Rc8+ Bf8 40.Qd5 Rxd7 41.Qxd7 a2 42.Qe7 a1=Q+ 43.Kg2 Kg7
44.Qxf8+ Kf6 45.Qd6+ Kg7 46.Qe5+  1-0

[Event "Viking op"]
[Site "Aaland-Stockholm"]
[Date "1997.??.??"]
[Round "?"]
[White "Ulibin, Mikhail"]
[Black "Eksmyr, Johan"]
[Result "1-0"]
[WhiteElo "2535"]
[BlackElo "2165"]

1.d4 Nf6 2.c4 g6 3.Nc3 d5 4.cxd5 Nxd5 5.e4 Nxc3 6.bxc3 Bg7 7.Bb5+ c6 8.Ba4 O-O
9.Ne2 a5 10.Bb3 b5 11.a4 b4 12.Be3 Ba6 13.cxb4 axb4 14.Rc1 Bxe2 15.Kxe2 Qd7
16.f3 Ra5 17.Qd3 Rh5 18.e5 Rh4 19.Bf2 Rh5 20.h4 Rd8 21.Qc4 Rf5 22.Be3 h5
23.Rhg1 c5 24.g4 hxg4 25.fxg4 cxd4 26.gxf5 Qxf5 27.Bxd4 Qh5+ 28.Ke1 Qxh4+
29.Bf2 Qh2 30.Qxf7+ Kh8 31.Qxg6  1-0